| 000 | 00387nam a22001697a 4500 | ||
|---|---|---|---|
| 005 | 20180707124906.0 | ||
| 008 | 160614b xxu||||| |||| 00| 0 eng d | ||
| 020 | _a1403-90992-X | ||
| 041 | _aeng | ||
| 082 |
_b7331 _a658.15 |
||
| 100 |
_aKaushal, H _91294 |
||
| 245 | _aCase Study Finance | ||
| 260 |
_bMac Millan _c2003 |
||
| 300 | _a237p, | ||
| 650 |
_aManagement _9241 |
||
| 942 | _cBK | ||
| 999 |
_c2586 _d2585 |
||